Themen neu. Pracovný zošit nemčina pre stredné a jazykové školy 1

Bibliographic Details
Main Authors: Aufderstrasse, Hartmut (Author), Bock, Heiko (Author), Gerdes, Mechthild (Author), Müller, Jutta (Author), Müller, Helmut (Author), Tökölyiová, Katarína (Author), Virgovičová, Zuzana (Author)
Other Authors: Schuster, Joachim (Illustrator), Kreuzer, Ruth (Illustrator)
Format: Book
Language:Slovak
Published: Bratislava Fraus c1999
Edition:3. vyd.
Subjects:

MARC

LEADER 00000nam a2200000 a 4500
001 vtls001394403
003 SK-MaSNL
005 20260302034709.0
008 240226s1999 xo aep r yy slo
015 |a SNBA2001/01-00027 
020 |a 8088844487 
035 |a SNK000348732 
035 |a urn:nbn:sk:snk-amklmb 
035 |a urn:nbn:sk:snk-am003e2a 
035 |a A71409ED-4C1A-4799-9899-8A63D24BFD3E 
040 |a SNK  |b slo  |c SNK  |e AACR2 
041 0 |a slo 
044 |a xo  |c SK 
080 |a 803.0(075.3)(076.5)  |2 1981 
245 0 4 |a Themen neu. Pracovný zošit  |b nemčina pre stredné a jazykové školy  |n 1  |c Hartmut Aufderstrasse ... [et al.] 
250 |a 3. vyd. 
260 |a Bratislava  |b Fraus  |c c1999 
300 |a 248 s.  |b ilustr., fotogr., tab.  |c 24 cm 
500 |a Ilustr. Joachim Schuster, Ruth Kreuzer 
504 |a Nem.-slov. slovníček. Reg. gramatických javov 
650 0 7 |a nemčina  |x učebnice stred. škôl  |x učebnice jazykových škôl  |x zošity pracovné  |2 SNK  |9 380470 
655 7 |a učebnice  |2 SNK  |9 22521 
700 1 |a Aufderstrasse, Hartmut  |4 aut  |9 42647 
700 1 |a Schuster, Joachim  |4 ill  |9 46789 
700 1 |a Kreuzer, Ruth  |4 ill  |9 45029 
700 1 |a Bock, Heiko  |4 aut  |9 42944 
700 1 |a Gerdes, Mechthild  |4 aut  |9 43884 
700 1 |a Müller, Jutta  |4 aut  |9 45937 
700 1 |a Müller, Helmut  |4 aut  |9 5935 
700 1 |a Tökölyiová, Katarína  |4 aut  |9 47380 
700 1 |a Virgovičová, Zuzana  |4 aut  |9 47620 
919 |a 80-88844-48-7 
958 |a TL 
958 |a UC 
999 |c 1067430  |d 1069360 
952 |t P60, <04>, [BOOK], {604}  |a SNK  |b SNK  |y VYP  |7 0  |p 17A0380395  |o snkSC 102522/1 D1  |i snkKSP 4985/2003  |0 0  |1 0  |4 0  |d 2003-04-16  |l 0  |r 2005-01-02 00:00:00  |w 2026-02-24 
952 |t P60, <04>, [BOOK], {604}  |a SNK  |b SNK  |y VYP  |7 0  |p 17A0380394  |o snkSC 102522/1 D2  |i snkKSP 4986/2003  |0 0  |1 0  |4 0  |d 2003-04-16  |l 0  |r 2005-01-02 00:00:00  |w 2026-02-24 
952 |t P60, <03>, [BOOK], {603}  |a SNK  |b SNK  |y PREZ  |7 0  |p 17A0247986  |o snkSC 102522/1  |i snkKSP 8456/2000  |0 0  |1 0  |4 0  |d 2000-08-17  |f 1  |l 0  |r 2025-09-24 00:00:00  |w 2026-02-24